| 000 | 00988cam a2200313 a 4500 | ||
|---|---|---|---|
| 001 | 4905216 | ||
| 003 | OSt | ||
| 005 | 20140310184450.0 | ||
| 008 | 940310s1995 nyua j 000 1 eng | ||
| 010 | _a 94009772 | ||
| 020 | _a0590483765 | ||
| 040 |
_aDLC _cDLC _dDLC |
||
| 042 | _alcac | ||
| 050 | 0 | 0 |
_aPZ 7 _b.M1257My 2005 |
| 100 | 1 |
_aMaccarone, Grace. _95551 |
|
| 245 | 1 | 0 |
_aMy tooth is about to fall out / _cby Grace Maccarone ; illustrated by Betsy Lewin. |
| 260 |
_aNew York : _bScholastic, _cc1995. |
||
| 300 |
_a1 v. (unpaged) : _bcol. ill. ; _c23 cm. |
||
| 440 | 0 |
_aHello reader! _nLevel 1 _927942 |
|
| 520 | _aA little girl loses a tooth. | ||
| 521 | 0 | _aG2 | |
| 526 | _c410 | ||
| 650 | 1 |
_aTeeth _xFiction. _927943 |
|
| 700 | 1 |
_aLewin, Betsy, _eill. _927944 |
|
| 906 |
_a7 _bcbc _corignew _d1 _eocip _f19 _gy-gencatlg |
||
| 942 |
_2lcc _cBK-SCHOLAS |
||
| 999 |
_c34564 _d34564 |
||